A modern introduction to probability and statistics (Record no. 331)

MARC details
000 -LEADER
fixed length control field 00657 a2200193 4500
001 - CONTROL NUMBER
control field 066145
003 - CONTROL NUMBER IDENTIFIER
control field OSt
005 - DATE AND TIME OF LATEST TRANSACTION
control field 20210915102849.0
008 - FIXED-LENGTH DATA ELEMENTS--GENERAL INFORMATION
fixed length control field
082 ## - DEWEY DECIMAL CLASSIFICATION NUMBER
Classification number 519.2
Item number D36M
100 1# - MAIN ENTRY--PERSONAL NAME
Personal name Dekking, F.M.
245 1# - TITLE STATEMENT
Title A modern introduction to probability and statistics
Statement of responsibility, etc by F.M. Dekking, Ludolf Erwin Meester and Cornelis Kraaikamp
260 ## - PUBLICATION, DISTRIBUTION, ETC. (IMPRINT)
Place of publication, distribution, etc New York
Name of publisher, distributor, etc Springer
Date of publication, distribution, etc 2009
300 ## - PHYSICAL DESCRIPTION
Extent 486p.
690 ## - LOCAL SUBJECT ADDED ENTRY--TOPICAL TERM (OCLC, RLIN)
Topical term or geographic name as entry element Mathematical statistics; Probabilities; Statistics; Distribution (Probability theory); Engineering mathematics; Mathematics
700 ## - ADDED ENTRY--PERSONAL NAME
Personal name Meester, Ludolf Erwin
700 ## - ADDED ENTRY--PERSONAL NAME
Personal name Kraaikamp, Cornelis
942 ## - ADDED ENTRY ELEMENTS (KOHA)
Source of classification or shelving scheme Dewey Decimal Classification
Koha item type Books
Holdings
Withdrawn status Lost status Source of classification or shelving scheme Damaged status Not for loan Collection code Home library Current library Date acquired Source of acquisition Cost, normal purchase price Total Checkouts Full call number Barcode Date last seen Date checked out Price effective from Koha item type
    Dewey Decimal Classification     General Text Book Central University Of Rajasthan Central University Of Rajasthan 07/03/2012 STT 995.00 1 519.2 D36M 431 21/11/2024 26/04/2023 02/09/2020 Books